[Event "15th International Khazar Cup (Masters) 2017"]
[Site "Rasht,Guilan,Iran"]
[Date "2017.01.25"]
[Round "7"]
[Board "10"]
[White "Pourramezanali, Amirreza"]
[Black "Sadeh, Shahin"]
[Result "1-0"]
[WhiteElo "2496"]
[BlackElo "2302"]
[PlyCount "0"]
[EventDate "2017.01.20"]
[EventRounds "9"]
[EventCountry "IRI"]

1. e4 {[%clk 1:30:35]} e5 {[%clk 1:30:50]} 2. Nf3 {[%clk 1:30:59]} Nc6
{[%clk 1:31:13]} 3. Bc4 {[%clk 1:31:23]} Bc5 {[%clk 1:31:34]} 4. O-O
{[%clk 1:31:40]} Nf6 {[%clk 1:31:49]} 5. d3 {[%clk 1:32:05]} O-O {[%clk 1:31:52]}
6. Re1 {[%clk 1:32:27]} h6 {[%clk 1:29:22]} 7. h3 {[%clk 1:31:19]} Re8
{[%clk 1:24:02]} 8. c3 {[%clk 1:27:58]} a5 {[%clk 1:18:11]} 9. Nbd2
{[%clk 1:19:37]} Bb6 {[%clk 0:56:37]} 10. Nf1 {[%clk 1:01:10]} d5
{[%clk 0:54:30]} 11. exd5 {[%clk 1:01:28]} Nxd5 {[%clk 0:54:59]} 12. Ng3
{[%clk 1:00:59]} a4 {[%clk 0:50:01]} 13. d4 {[%clk 0:59:14]} a3 {[%clk 0:45:30]}
14. dxe5 {[%clk 0:57:54]} axb2 {[%clk 0:45:06]} 15. Bxb2 {[%clk 0:58:13]} Be6
{[%clk 0:45:06]} 16. Qd2 {[%clk 0:44:18]} Ra5 {[%clk 0:41:06]} 17. Bb3
{[%clk 0:43:12]} Qe7 {[%clk 0:36:53]} 18. Bc2 {[%clk 0:34:58]} Rd8
{[%clk 0:32:43]} 19. Qd3 {[%clk 0:35:00]} g6 {[%clk 0:32:50]} 20. Qe2
{[%clk 0:32:58]} Kg7 {[%clk 0:27:46]} 21. h4 {[%clk 0:30:28]} Qc5
{[%clk 0:22:42]} 22. Ne4 {[%clk 0:27:54]} Nf4 {[%clk 0:18:33]} 23. Nxc5
{[%clk 0:26:19]} Nxe2+ {[%clk 0:19:01]} 24. Rxe2 {[%clk 0:26:43]} Bxc5
{[%clk 0:19:24]} 25. a4 {[%clk 0:23:38]} Ne7 {[%clk 0:15:03]} 26. Nd4
{[%clk 0:20:44]} Bxd4 {[%clk 0:13:51]} 27. cxd4 {[%clk 0:21:04]} Nc6
{[%clk 0:14:20]} 28. Rd1 {[%clk 0:18:34]} Rad5 {[%clk 0:12:33]} 29. Red2
{[%clk 0:17:40]} Nxe5 {[%clk 0:10:23]} 30. Bb3 {[%clk 0:17:57]} R5d7
{[%clk 0:10:45]} 31. d5 {[%clk 0:18:21]} f6 {[%clk 0:10:32]} 32. dxe6
{[%clk 0:18:34]} Rxd2 {[%clk 0:09:24]} 33. Rxd2 {[%clk 0:18:48]} Nf3+
{[%clk 0:05:28]} 34. gxf3 {[%clk 0:19:11]} Rxd2 {[%clk 0:05:52]} 35. Be5
{[%clk 0:18:51]} 1-0

[Event "15th International Khazar Cup (Masters) 2017"]
[Site "Rasht,Guilan,Iran"]
[Date "2017.01.25"]
[Round "7"]
[Board "11"]
[White "Jamshidi, Amir Hossein"]
[Black "Asgarizadeh, Ahmad"]
[Result "1-0"]
[WhiteElo "2125"]
[BlackElo "2421"]
[PlyCount "0"]
[EventDate "2017.01.20"]
[EventRounds "9"]
[EventCountry "IRI"]

1. c4 {[%clk 1:30:49]} e5 {[%clk 1:29:51]} 2. g3 {[%clk 1:30:46]} Nf6
{[%clk 1:29:03]} 3. Bg2 {[%clk 1:30:25]} c6 {[%clk 1:29:27]} 4. d4
{[%clk 1:29:08]} e4 {[%clk 1:29:08]} 5. Nc3 {[%clk 1:27:29]} d5 {[%clk 1:29:32]}
6. f3 {[%clk 1:25:08]} exf3 {[%clk 1:26:32]} 7. Nxf3 {[%clk 1:24:50]} Be7
{[%clk 1:13:52]} 8. cxd5 {[%clk 1:17:16]} cxd5 {[%clk 1:14:13]} 9. O-O
{[%clk 1:15:36]} O-O {[%clk 1:14:29]} 10. Ne5 {[%clk 1:09:15]} Nc6
{[%clk 1:10:11]} 11. Nxc6 {[%clk 1:01:41]} bxc6 {[%clk 1:10:37]} 12. e4
{[%clk 0:58:50]} Be6 {[%clk 1:09:43]} 13. exd5 {[%clk 0:48:13]} Nxd5
{[%clk 1:03:51]} 14. Nxd5 {[%clk 0:44:05]} cxd5 {[%clk 0:57:35]} 15. Be3
{[%clk 0:35:15]} a5 {[%clk 0:55:42]} 16. Rc1 {[%clk 0:33:23]} a4 {[%clk 0:54:35]}
17. Qd2 {[%clk 0:31:09]} Qb6 {[%clk 0:53:06]} 18. Rc2 {[%clk 0:25:00]} Rfb8
{[%clk 0:51:53]} 19. Bf4 {[%clk 0:22:10]} Rb7 {[%clk 0:51:32]} 20. Rfc1
{[%clk 0:20:58]} h6 {[%clk 0:50:34]} 21. Qf2 {[%clk 0:16:29]} Bf6
{[%clk 0:44:30]} 22. Rd2 {[%clk 0:14:46]} Be7 {[%clk 0:40:12]} 23. Rdc2
{[%clk 0:14:57]} Bf8 {[%clk 0:36:01]} 24. Be3 {[%clk 0:14:32]} Qd8
{[%clk 0:33:45]} 25. Bf1 {[%clk 0:13:50]} Rab8 {[%clk 0:31:00]} 26. Bf4
{[%clk 0:13:23]} Bd6 {[%clk 0:31:28]} 27. Bxd6 {[%clk 0:12:31]} Qxd6
{[%clk 0:31:56]} 28. Rd2 {[%clk 0:11:19]} Rb4 {[%clk 0:32:03]} 29. Rcc2
{[%clk 0:09:23]} Qb6 {[%clk 0:32:07]} 30. Bg2 {[%clk 0:08:36]} g6
{[%clk 0:28:40]} 31. h4 {[%clk 0:03:47]} h5 {[%clk 0:28:42]} 32. Qf6
{[%clk 0:03:35]} Qa7 {[%clk 0:20:09]} 33. Qe5 {[%clk 0:02:39]} Qd7
{[%clk 0:19:06]} 34. Rc7 {[%clk 0:02:22]} Qd8 {[%clk 0:19:13]} 35. Rcc2
{[%clk 0:02:11]} R8b5 {[%clk 0:15:30]} 36. Rf2 {[%clk 0:02:01]} Qb6
{[%clk 0:14:07]} 37. Rc8+ {[%clk 0:01:35]} 1-0

[Event "15th International Khazar Cup (Masters) 2017"]
[Site "Rasht,Guilan,Iran"]
[Date "2017.01.25"]
[Round "7"]
[Board "12"]
[White "Omidi, Arya"]
[Black "Tahbaz, Arash"]
[Result "1-0"]
[WhiteElo "2313"]
[BlackElo "2414"]
[PlyCount "0"]
[EventDate "2017.01.20"]
[EventRounds "9"]
[EventCountry "IRI"]

1. e4 {[%clk 1:30:58]} g6 {[%clk 1:30:30]} 2. d4 {[%clk 1:31:23]} Bg7
{[%clk 1:30:51]} 3. Nc3 {[%clk 1:31:51]} c6 {[%clk 1:29:04]} 4. Be3
{[%clk 1:26:53]} b5 {[%clk 1:23:30]} 5. e5 {[%clk 1:21:27]} Nh6 {[%clk 1:18:55]}
6. Bd3 {[%clk 1:15:12]} d6 {[%clk 1:19:04]} 7. exd6 {[%clk 1:10:32]} exd6
{[%clk 1:14:48]} 8. Qd2 {[%clk 1:09:01]} Nf5 {[%clk 1:14:44]} 9. Bg5
{[%clk 1:08:21]} f6 {[%clk 1:14:20]} 10. Bxf5 {[%clk 1:05:52]} Bxf5
{[%clk 1:11:34]} 11. Bh6 {[%clk 1:03:41]} O-O {[%clk 0:52:08]} 12. Bxg7
{[%clk 1:03:55]} Kxg7 {[%clk 0:52:32]} 13. Nd1 {[%clk 1:02:43]} Nd7
{[%clk 0:49:25]} 14. Ne3 {[%clk 1:00:08]} Be6 {[%clk 0:49:49]} 15. Ne2
{[%clk 1:00:04]} Nb6 {[%clk 0:50:18]} 16. Nf4 {[%clk 0:59:21]} Bf7
{[%clk 0:50:45]} 17. h4 {[%clk 0:58:10]} Re8 {[%clk 0:49:34]} 18. O-O-O
{[%clk 0:55:59]} Rb8 {[%clk 0:43:00]} 19. h5 {[%clk 0:53:55]} g5 {[%clk 0:42:33]}
20. Nf5+ {[%clk 0:53:31]} Kf8 {[%clk 0:39:42]} 21. b3 {[%clk 0:42:39]} b4
{[%clk 0:12:45]} 22. Rde1 {[%clk 0:30:50]} Qd7 {[%clk 0:11:06]} 23. g4
{[%clk 0:31:17]} Rxe1+ {[%clk 0:09:55]} 24. Rxe1 {[%clk 0:31:41]} Re8
{[%clk 0:10:19]} 25. Rxe8+ {[%clk 0:26:17]} Bxe8 {[%clk 0:10:38]} 26. Nd3
{[%clk 0:25:49]} Bxh5 {[%clk 0:10:06]} 27. gxh5 {[%clk 0:24:00]} Qxf5
{[%clk 0:10:32]} 28. Qxb4 {[%clk 0:24:29]} Ke7 {[%clk 0:09:26]} 29. a4
{[%clk 0:24:48]} Qe4 {[%clk 0:09:15]} 30. Qa5 {[%clk 0:23:57]} f5
{[%clk 0:04:23]} 31. Qxa7+ {[%clk 0:24:14]} Nd7 {[%clk 0:04:53]} 32. Qa5
{[%clk 0:21:04]} g4 {[%clk 0:03:15]} 33. h6 {[%clk 0:15:51]} Nf6 {[%clk 0:02:43]}
34. Qc7+ {[%clk 0:14:22]} Ke6 {[%clk 0:02:15]} 35. Qc8+ {[%clk 0:13:01]} Kf7
{[%clk 0:02:28]} 36. a5 {[%clk 0:11:30]} f4 {[%clk 0:02:20]} 37. a6
{[%clk 0:09:30]} g3 {[%clk 0:01:18]} 38. Qc7+ {[%clk 0:09:39]} Ke6
{[%clk 0:01:23]} 39. a7 {[%clk 0:09:02]} g2 {[%clk 0:01:12]} 40. Qg7
{[%clk 0:09:04]} c5 {[%clk 0:00:32]} 41. Qxg2 {[%clk 0:09:07]} f3
{[%clk 0:00:55]} 42. Qh3+ {[%clk 0:09:16]} Kf7 {[%clk 0:01:23]} 43. Qc8
{[%clk 0:09:05]} 1-0

[Event "15th International Khazar Cup (Masters) 2017"]
[Site "Rasht,Guilan,Iran"]
[Date "2017.01.25"]
[Round "7"]
[Board "13"]
[White "Tsomaia, Nikoloz"]
[Black "Tiviakov, Sergei"]
[Result "0-1"]
[WhiteElo "2246"]
[BlackElo "2601"]
[PlyCount "0"]
[EventDate "2017.01.20"]
[EventRounds "9"]
[EventCountry "IRI"]

1. e4 {[%clk 1:30:58]} d5 {[%clk 1:28:54]} 2. exd5 {[%clk 1:31:19]} Qxd5
{[%clk 1:29:18]} 3. Nc3 {[%clk 1:31:44]} Qd6 {[%clk 1:29:42]} 4. d4
{[%clk 1:32:04]} c6 {[%clk 1:30:06]} 5. Nf3 {[%clk 1:31:30]} Bg4 {[%clk 1:30:20]}
6. Be3 {[%clk 1:28:24]} Nf6 {[%clk 1:29:14]} 7. Be2 {[%clk 1:28:27]} Nbd7
{[%clk 1:29:26]} 8. Qd2 {[%clk 1:28:41]} e6 {[%clk 1:28:57]} 9. O-O-O
{[%clk 1:26:08]} Be7 {[%clk 1:25:36]} 10. h3 {[%clk 1:26:14]} Bh5
{[%clk 1:23:55]} 11. g4 {[%clk 1:04:50]} Bg6 {[%clk 1:24:20]} 12. Ne5
{[%clk 1:00:54]} Nxe5 {[%clk 1:16:57]} 13. Bf4 {[%clk 0:52:23]} O-O-O
{[%clk 0:47:20]} 14. Bxe5 {[%clk 0:50:56]} Qb4 {[%clk 0:47:39]} 15. Kb1
{[%clk 0:49:50]} Rhg8 {[%clk 0:42:36]} 16. a3 {[%clk 0:38:44]} Qb6
{[%clk 0:39:41]} 17. Ka1 {[%clk 0:24:05]} Bd6 {[%clk 0:35:36]} 18. Na4
{[%clk 0:18:53]} Qc7 {[%clk 0:36:01]} 19. f4 {[%clk 0:19:07]} Ne4
{[%clk 0:25:17]} 20. Qe3 {[%clk 0:18:13]} Qa5 {[%clk 0:23:49]} 21. Bd3
{[%clk 0:16:59]} Qxa4 {[%clk 0:23:15]} 22. Bxe4 {[%clk 0:17:24]} Bxe4
{[%clk 0:22:33]} 23. Qxe4 {[%clk 0:17:52]} Bxa3 {[%clk 0:20:42]} 24. bxa3
{[%clk 0:18:17]} Qxa3+ {[%clk 0:21:08]} 25. Kb1 {[%clk 0:18:43]} Rd5
{[%clk 0:18:15]} 26. Rd3 {[%clk 0:12:54]} Rb5+ {[%clk 0:18:41]} 27. Rb3
{[%clk 0:13:18]} Rxb3+ {[%clk 0:19:08]} 28. cxb3 {[%clk 0:13:44]} f6
{[%clk 0:18:15]} 29. Kc2 {[%clk 0:05:31]} fxe5 {[%clk 0:18:31]} 30. Qxe5
{[%clk 0:05:57]} Kd7 {[%clk 0:17:49]} 31. Qh5 {[%clk 0:01:50]} Rf8
{[%clk 0:17:06]} 32. Qxh7 {[%clk 0:01:21]} Rxf4 {[%clk 0:17:11]} 33. Qxg7+
{[%clk 0:01:47]} Kc8 {[%clk 0:17:37]} 34. Qh8+ {[%clk 0:02:02]} Rf8
{[%clk 0:17:55]} 35. Ra1 {[%clk 0:02:20]} Qb4 {[%clk 0:14:53]} 36. Ra4
{[%clk 0:01:12]} Rxh8 {[%clk 0:13:32]} 37. Rxb4 {[%clk 0:01:37]} b5
{[%clk 0:13:33]} 38. d5 {[%clk 0:01:21]} exd5 {[%clk 0:13:59]} 39. g5
{[%clk 0:00:41]} Rxh3 {[%clk 0:14:25]} 40. Rg4 {[%clk 0:01:05]} Rh7
{[%clk 0:14:50]} 41. b4 {[%clk 0:01:15]} Kd7 {[%clk 0:15:07]} 42. Rf4
{[%clk 0:00:42]} Rg7 {[%clk 0:14:03]} 43. Kc3 {[%clk 0:00:40]} Rxg5
{[%clk 0:13:20]} 44. Kd4 {[%clk 0:00:33]} Kc7 {[%clk 0:13:36]} 45. Kc5
{[%clk 0:00:41]} d4+ {[%clk 0:14:00]} 46. Kxd4 {[%clk 0:01:10]} Rg3
{[%clk 0:13:56]} 47. Rf1 {[%clk 0:00:31]} Rb3 {[%clk 0:14:12]} 0-1

[Event "15th International Khazar Cup (Masters) 2017"]
[Site "Rasht,Guilan,Iran"]
[Date "2017.01.25"]
[Round "7"]
[Board "14"]
[White "Abedi, Ali"]
[Black "Bajarani, Ulvi"]
[Result "1-0"]
[WhiteElo "2167"]
[BlackElo "2486"]
[PlyCount "0"]
[EventDate "2017.01.20"]
[EventRounds "9"]
[EventCountry "IRI"]

1. e4 {[%clk 1:30:31]} e6 {[%clk 1:30:50]} 2. d4 {[%clk 1:30:37]} d5
{[%clk 1:31:14]} 3. Nd2 {[%clk 1:31:06]} c5 {[%clk 1:31:32]} 4. c3
{[%clk 1:31:33]} cxd4 {[%clk 1:31:41]} 5. cxd4 {[%clk 1:31:50]} dxe4
{[%clk 1:32:04]} 6. Nxe4 {[%clk 1:32:18]} Bb4+ {[%clk 1:32:23]} 7. Nc3
{[%clk 1:32:11]} Nf6 {[%clk 1:31:19]} 8. Nf3 {[%clk 1:31:51]} O-O
{[%clk 1:31:33]} 9. Bd3 {[%clk 1:30:45]} b6 {[%clk 1:31:22]} 10. O-O
{[%clk 1:30:56]} Bb7 {[%clk 1:29:48]} 11. Bg5 {[%clk 1:29:02]} Nbd7
{[%clk 1:26:51]} 12. Be4 {[%clk 1:25:34]} Qb8 {[%clk 1:22:04]} 13. Bxb7
{[%clk 1:25:17]} Qxb7 {[%clk 1:22:28]} 14. Rc1 {[%clk 1:25:28]} Rac8
{[%clk 1:20:48]} 15. Qb3 {[%clk 1:24:25]} Bd6 {[%clk 1:17:14]} 16. Rcd1
{[%clk 1:24:13]} h6 {[%clk 1:15:40]} 17. Bxf6 {[%clk 1:21:52]} Nxf6
{[%clk 1:16:04]} 18. d5 {[%clk 1:22:14]} e5 {[%clk 1:07:49]} 19. Rfe1
{[%clk 1:19:44]} Rfe8 {[%clk 1:07:20]} 20. Nd2 {[%clk 1:19:32]} Qd7
{[%clk 1:06:08]} 21. f3 {[%clk 1:19:17]} Bc5+ {[%clk 1:03:40]} 22. Kh1
{[%clk 1:19:30]} Bf2 {[%clk 1:03:33]} 23. Re2 {[%clk 1:19:14]} Bd4
{[%clk 1:03:57]} 24. Nde4 {[%clk 1:16:23]} Nxe4 {[%clk 1:04:01]} 25. fxe4
{[%clk 1:15:59]} Rc5 {[%clk 1:01:59]} 26. h3 {[%clk 1:13:18]} Rec8
{[%clk 1:01:53]} 27. Rd3 {[%clk 1:13:22]} Qc7 {[%clk 1:00:19]} 28. Rc2
{[%clk 1:10:55]} a6 {[%clk 0:53:27]} 29. Rf3 {[%clk 1:10:59]} Rc4
{[%clk 0:52:17]} 30. Rc1 {[%clk 1:09:57]} Qc5 {[%clk 0:41:15]} 31. Rcf1
{[%clk 1:08:58]} Bxc3 {[%clk 0:35:12]} 32. Rxf7 {[%clk 1:08:47]} Qd4
{[%clk 0:27:00]} 33. d6 {[%clk 1:08:38]} Qxd6 {[%clk 0:26:05]} 34. bxc3
{[%clk 1:07:59]} Kh8 {[%clk 0:26:25]} 35. Rd1 {[%clk 1:07:06]} Qg6
{[%clk 0:25:03]} 36. Rf8+ {[%clk 1:05:23]} Rxf8 {[%clk 0:23:57]} 37. Qxc4
{[%clk 1:05:52]} b5 {[%clk 0:23:06]} 38. Qc5 {[%clk 1:05:39]} Re8
{[%clk 0:23:21]} 39. Qd5 {[%clk 1:04:50]} Kh7 {[%clk 0:23:02]} 40. c4
{[%clk 1:05:02]} bxc4 {[%clk 0:23:21]} 41. Qxc4 {[%clk 1:05:27]} Rb8
{[%clk 0:23:24]} 42. Qc2 {[%clk 1:02:25]} Rb4 {[%clk 0:21:59]} 43. Re1
{[%clk 1:02:14]} Rd4 {[%clk 0:22:04]} 44. Qe2 {[%clk 1:02:18]} a5
{[%clk 0:21:38]} 45. Qf3 {[%clk 1:01:46]} a4 {[%clk 0:21:44]} 46. Kh2
{[%clk 1:01:40]} Rd2 {[%clk 0:19:15]} 47. Re2 {[%clk 1:01:47]} Rxe2
{[%clk 0:19:09]} 48. Qxe2 {[%clk 1:02:16]} Qf7 {[%clk 0:19:01]} 49. Qc2
{[%clk 0:58:47]} a3 {[%clk 0:19:09]} 50. Qe2 {[%clk 0:59:07]} Qf4+
{[%clk 0:18:39]} 51. Kh1 {[%clk 0:59:36]} Qc1+ {[%clk 0:16:06]} 52. Kh2
{[%clk 1:00:05]} Qf4+ {[%clk 0:16:06]} 53. Kh1 {[%clk 1:00:33]} Kg6
{[%clk 0:16:23]} 54. Qa6+ {[%clk 1:00:33]} Kg5 {[%clk 0:16:31]} 55. Qxa3
{[%clk 1:00:51]} Qxe4 {[%clk 0:14:28]} 56. Qg3+ {[%clk 1:01:14]} Kf5
{[%clk 0:13:54]} 57. Qf3+ {[%clk 0:56:28]} Qxf3 {[%clk 0:14:14]} 58. gxf3
{[%clk 0:56:57]} Ke6 {[%clk 0:13:49]} 59. Kg2 {[%clk 0:57:19]} Kd5
{[%clk 0:14:11]} 60. Kf2 {[%clk 0:57:32]} 1-0

[Event "15th International Khazar Cup (Masters) 2017"]
[Site "Rasht,Guilan,Iran"]
[Date "2017.01.26"]
[Round "8"]
[Board "1"]
[White "Lorparizangeneh, Shahin"]
[Black "Sargissian, Gabriel"]
[Result "1/2-1/2"]
[WhiteElo "2504"]
[BlackElo "2667"]
[PlyCount "0"]
[EventDate "2017.01.20"]
[EventRounds "9"]
[EventCountry "IRI"]

1. Nf3 {[%clk 1:23:22]} d5 {[%clk 1:30:46]} 2. g3 {[%clk 1:23:47]} Bg4
{[%clk 1:30:19]} 3. Bg2 {[%clk 1:22:40]} c6 {[%clk 1:30:43]} 4. O-O
{[%clk 1:22:49]} e6 {[%clk 1:30:48]} 5. h3 {[%clk 1:23:14]} Bh5 {[%clk 1:31:03]}
6. d4 {[%clk 1:22:53]} Nf6 {[%clk 1:31:13]} 7. c4 {[%clk 1:23:19]} Be7
{[%clk 1:31:11]} 8. Nc3 {[%clk 1:23:04]} O-O {[%clk 1:31:05]} 9. Qb3
{[%clk 1:22:21]} Qb6 {[%clk 1:27:52]} 10. Ne5 {[%clk 1:21:52]} Rd8
{[%clk 1:15:51]} 11. g4 {[%clk 1:10:10]} Bg6 {[%clk 1:16:06]} 12. Qxb6
{[%clk 0:58:16]} axb6 {[%clk 1:16:29]} 13. cxd5 {[%clk 0:58:43]} exd5
{[%clk 1:05:57]} 14. Bg5 {[%clk 0:49:45]} Kf8 {[%clk 0:57:54]} 15. h4
{[%clk 0:42:29]} h6 {[%clk 0:53:21]} 16. Bd2 {[%clk 0:40:17]} Bh7
{[%clk 0:51:04]} 17. g5 {[%clk 0:38:34]} hxg5 {[%clk 0:49:49]} 18. hxg5
{[%clk 0:38:50]} Ne8 {[%clk 0:48:21]} 19. f4 {[%clk 0:34:47]} Nd6
{[%clk 0:39:49]} 20. Kf2 {[%clk 0:34:00]} f6 {[%clk 0:37:35]} 21. Rh1
{[%clk 0:19:39]} Bg8 {[%clk 0:33:00]} 22. Ng6+ {[%clk 0:17:17]} Kf7
{[%clk 0:33:17]} 23. Nxe7 {[%clk 0:14:09]} Kxe7 {[%clk 0:33:29]} 24. e4
{[%clk 0:13:58]} dxe4 {[%clk 0:31:32]} 25. Nxe4 {[%clk 0:14:10]} Nxe4+
{[%clk 0:30:30]} 26. Bxe4 {[%clk 0:14:38]} Rxd4 {[%clk 0:27:26]} 27. Ke3
{[%clk 0:15:00]} Rxe4+ {[%clk 0:13:42]} 28. Kxe4 {[%clk 0:15:22]} Bd5+
{[%clk 0:14:08]} 29. Kf5 {[%clk 0:15:47]} Bxh1 {[%clk 0:14:32]} 30. Rxh1
{[%clk 0:16:02]} Nd7 {[%clk 0:13:58]} 31. Kg6 {[%clk 0:13:55]} fxg5
{[%clk 0:11:13]} 32. fxg5 {[%clk 0:13:21]} Nf8+ {[%clk 0:11:23]} 33. Kxg7
{[%clk 0:13:31]} Ne6+ {[%clk 0:11:43]} 34. Kg6 {[%clk 0:12:15]} Rxa2
{[%clk 0:12:05]} 35. Bc3 {[%clk 0:12:38]} c5 {[%clk 0:04:58]} 36. Rh7+
{[%clk 0:07:27]} Kd6 {[%clk 0:05:21]} 37. Rxb7 {[%clk 0:07:49]} Kc6
{[%clk 0:05:34]} 38. Re7 {[%clk 0:07:23]} Nxg5 {[%clk 0:05:01]} 39. Kxg5
{[%clk 0:07:50]} b5 {[%clk 0:05:25]} 40. Kf4 {[%clk 0:05:20]} b4 {[%clk 0:05:31]}
41. Be5 {[%clk 0:05:33]} c4 {[%clk 0:05:37]} 42. Rc7+ {[%clk 0:05:56]} Kd5
{[%clk 0:05:25]} 43. Rd7+ {[%clk 0:06:03]} Kc6 {[%clk 0:05:21]} 44. Rd1
{[%clk 0:05:09]} c3 {[%clk 0:05:25]} 45. bxc3 {[%clk 0:05:30]} bxc3
{[%clk 0:05:49]} 46. Bxc3 {[%clk 0:05:55]} Ra7 {[%clk 0:04:57]} 47. Ke4
{[%clk 0:06:04]} Rd7 {[%clk 0:04:59]} 48. Bd4 {[%clk 0:06:28]} Rh7
{[%clk 0:04:32]} 49. Bf6 {[%clk 0:05:47]} Rh2 {[%clk 0:04:34]} 50. Rc1+
{[%clk 0:06:11]} Kd7 {[%clk 0:04:49]} 51. Kd5 {[%clk 0:06:35]} Rd2+
{[%clk 0:05:09]} 52. Bd4 {[%clk 0:06:59]} Kd8 {[%clk 0:05:22]} 53. Rh1
{[%clk 0:07:16]} Kd7 {[%clk 0:05:39]} 54. Rh7+ {[%clk 0:07:31]} Kd8
{[%clk 0:06:04]} 55. Ke5 {[%clk 0:06:41]} Kc8 {[%clk 0:06:23]} 56. Bc5
{[%clk 0:06:59]} Rd7 {[%clk 0:06:32]} 57. Rh8+ {[%clk 0:07:18]} Kc7
{[%clk 0:05:54]} 58. Rh6 {[%clk 0:06:44]} Rd1 {[%clk 0:06:12]} 59. Bd4
{[%clk 0:05:54]} Re1+ {[%clk 0:05:46]} 60. Kd5 {[%clk 0:06:14]} Rd1
{[%clk 0:06:09]} 61. Rc6+ {[%clk 0:05:02]} Kd7 {[%clk 0:05:19]} 62. Rd6+
{[%clk 0:05:24]} Kc7 {[%clk 0:05:29]} 63. Ke6 {[%clk 0:05:42]} Rh1
{[%clk 0:05:43]} 64. Bb6+ {[%clk 0:04:20]} Kb7 {[%clk 0:06:03]} 65. Bd8
{[%clk 0:04:39]} Rh6+ {[%clk 0:05:08]} 66. Bf6 {[%clk 0:05:04]} Kc7
{[%clk 0:04:59]} 67. Kd5 {[%clk 0:04:37]} Rh1 {[%clk 0:05:15]} 68. Rc6+
{[%clk 0:03:48]} Kd7 {[%clk 0:05:12]} 69. Ra6 {[%clk 0:03:57]} Rd1+
{[%clk 0:05:34]} 70. Bd4 {[%clk 0:04:25]} Kd8 {[%clk 0:05:32]} 71. Ra4
{[%clk 0:04:52]} Kd7 {[%clk 0:05:50]} 72. Rb4 {[%clk 0:05:19]} Rd2
{[%clk 0:06:01]} 73. Rb7+ {[%clk 0:05:26]} Kd8 {[%clk 0:06:19]} 74. Ke5
{[%clk 0:05:34]} Kc8 {[%clk 0:06:27]} 75. Rh7 {[%clk 0:05:57]} Rd1
{[%clk 0:06:50]} 76. Bc3 {[%clk 0:05:33]} Rd7 {[%clk 0:06:50]} 77. Rh6
{[%clk 0:06:00]} Rd3 {[%clk 0:06:15]} 78. Ba5 {[%clk 0:06:19]} Kd7
{[%cl

[Event "15th International Khazar Cup (Masters) 2017"]
[Site "Rasht,Guilan,Iran"]
[Date "2017.01.26"]
[Round "8"]
[Board "2"]
[White "Berkes, Ferenc"]
[Black "Tarlev, Konstantin"]
[Result "1/2-1/2"]
[WhiteElo "2648"]
[BlackElo "2592"]
[PlyCount "0"]
[EventDate "2017.01.20"]
[EventRounds "9"]
[EventCountry "IRI"]

1. d4 {[%clk 1:30:52]} Nf6 {[%clk 1:30:56]} 2. c4 {[%clk 1:31:16]} e6
{[%clk 1:31:24]} 3. Nf3 {[%clk 1:31:33]} d5 {[%clk 1:31:47]} 4. Nc3
{[%clk 1:31:11]} dxc4 {[%clk 1:32:13]} 5. e3 {[%clk 1:31:31]} a6 {[%clk 1:32:37]}
6. Bxc4 {[%clk 1:31:55]} b5 {[%clk 1:31:46]} 7. Bb3 {[%clk 1:32:19]} c5
{[%clk 1:26:14]} 8. O-O {[%clk 1:32:36]} Bb7 {[%clk 1:26:38]} 9. e4
{[%clk 1:32:57]} cxd4 {[%clk 1:03:59]} 10. Nxd4 {[%clk 1:33:16]} Nbd7
{[%clk 0:49:53]} 11. Re1 {[%clk 1:24:43]} Nc5 {[%clk 0:43:36]} 12. Bd5
{[%clk 1:22:45]} Rc8 {[%clk 0:26:04]} 13. Bg5 {[%clk 0:29:34]} Be7
{[%clk 0:25:01]} 14. Bxb7 {[%clk 0:28:59]} Nxb7 {[%clk 0:25:28]} 15. e5
{[%clk 0:22:44]} Nd5 {[%clk 0:22:18]} 16. Bxe7 {[%clk 0:22:49]} 1/2-1/2